Three weeks' war. (Record no. 70923)
[ view plain ]
| 000 -LEADER | |
|---|---|
| fixed length control field | 00482nam a22001931 4500 |
| 001 - CONTROL NUMBER | |
| control field | sa 66007098 |
| 003 - CONTROL NUMBER IDENTIFIER | |
| control field | DLC |
| 005 - DATE AND TIME OF LATEST TRANSACTION | |
| control field | 20260227112301.0 |
| 008 - FIXED-LENGTH DATA ELEMENTS--GENERAL INFORMATION | |
| fixed length control field | 740123s1966 ii 00000 eng |
| 010 ## - LIBRARY OF CONGRESS CONTROL NUMBER | |
| LC control number | sa 66007098 |
| 025 ## - OVERSEAS ACQUISITION NUMBER | |
| Overseas acquisition number | PL480:I-E-6624 |
| 050 0# - LIBRARY OF CONGRESS CALL NUMBER | |
| Classification number | DS384 |
| Item number | .B58 |
| 082 ## - DEWEY DECIMAL CLASSIFICATION NUMBER | |
| Classification number | 954.04 |
| 100 10 - MAIN ENTRY--PERSONAL NAME | |
| Personal name | Biswas, Sukumar. |
| 245 10 - TITLE STATEMENT | |
| Title | Three weeks' war. |
| 260 0# - PUBLICATION, DISTRIBUTION, ETC. | |
| Place of publication, distribution, etc. | Calcutta, |
| Name of publisher, distributor, etc. | M. C. Sarkar |
| Date of publication, distribution, etc. | [1966] |
| 300 ## - PHYSICAL DESCRIPTION | |
| Extent | 122 p. |
| Dimensions | 22 cm. |
| 650 #0 - SUBJECT ADDED ENTRY--TOPICAL TERM | |
| Topical term or geographic name entry element | India-Pakistan Conflict, 1965. |
No items available.